| 000 | 01070cam a22003138a 4500 | ||
|---|---|---|---|
| 005 | 20260322212042.0 | ||
| 008 | data | ||
| 010 | _a 90036329 | ||
| 020 | _a067172228X | ||
| 020 | _a9780671722289 | ||
| 040 |
_aDLC _cDLC _dDLC |
||
| 050 | 1 | 0 |
_aBJ1853 _b.M2935 1990 |
| 082 | 0 | 0 |
_a395 _220 |
| 092 | _a395 M2935 1990 | ||
| 100 | 1 |
_aMartin, Judith, _d1938- |
|
| 245 | 1 | 0 |
_aMiss Manners' guide for the turn-of-the-millennium / _cJudith Martin. |
| 250 | _a1st Fireside ed. | ||
| 260 |
_aNew York : _bSimon & Schuster, _c1990. |
||
| 263 | _a1111 | ||
| 300 | _ap. cm. | ||
| 500 | _a"A Fireside book." | ||
| 500 | _aIncludes index. | ||
| 650 | 0 | _aEtiquette. | |
| 856 | 4 | 2 |
_3Contributor biographical information _uhttp://www.loc.gov/catdir/bios/simon051/90036329.html |
| 856 | 4 | 2 |
_3Publisher description _uhttp://www.loc.gov/catdir/description/simon031/90036329.html |
| 856 | 4 | 1 |
_3Table of contents only _uhttp://www.loc.gov/catdir/enhancements/fy0631/90036329-t.html |
| 856 | 4 | 1 |
_3Sample text _uhttp://www.loc.gov/catdir/enhancements/fy0641/90036329-s.html |
| 001 | data | ||
| 999 |
_c993 _d993 |
||